000 00712nam a2200289Ia 4500
005 20260324131520.0
008 008 260324s9999 xx 000 0 eng d
020 _a9781315234267
037 _aEBOOK
040 _aCRL
040 _beng
040 _cCRL
041 _2eng
041 _aeng
084 _qCRL
100 _aGerhild Scholz Williams
_91185800
245 0 _aWays of Knowing in Early Modern Germany
245 0 _bJohannes Praetorius as a Witness to his Time
260 _bTaylor and Francis
260 _c2006
365 _a
365 _b220
856 _uhttp://www.taylorfrancis.com/books/9781315234267
942 _cEBOOK
999 _c1783036
_d1783036